000 00471nam a2200181Ia 4500
001 2317
005 20260306144758.0
008 260306t2015||||xx |||||||||||||| ||spa||
041 _aESP
082 _a616.8589
_bL31
100 _aLavigne Cerván, Rocío
_eAUT
245 0 _aEl TDAH:
_b¿qué es ?, ¿qué lo causa?, ¿cómo evaluarlo y tratarlo?
260 _c2015
300 _a259 páginas :
_c23 cm.
650 _aGEN
654 _aCPS
942 _cLIB
_dJUS
_fJUS
_2ddc
_n
999 _c2317
_d2317